Syntetický gradient v neurónových sieťach

Enregistré dans:
Détails bibliographiques
Auteur principal: Benčať, Gregor (Auteur)
Autres auteurs: Jarábek, Tomáš (Directeur de thèse)
Format: Manuscrit Livre
Langue:slovaque
anglais
Publié: 2019
Sujets:
Accès en ligne:http://is.stuba.sk/zp/portal_zp.pl?podrobnosti=134710
Tags: Ajouter un tag
Pas de tags, Soyez le premier à ajouter un tag!

MARC

LEADER 00000ntm a22000003a 4500
001 stuzp75091
003 SK-STU
005 20190622212949.8
007 ta
008 150427s2015----xo-----f-mn---000-0-slo-d
040 |a STU  |b slo 
041 0 |a eng 
100 1 |a Benčať, Gregor  |u 070200  |4 aut  |U FIIT Fakulta informatiky a informačných technológií  |T FIIT Ústav informatiky, informačných systémov a softvérového inžinierstva  |X 85768  |U I200  |Y 179  |7 85768 
242 0 1 |a Syntetický gradient v neurónových sieťach  |y slo 
245 1 0 |a Syntetický gradient v neurónových sieťach 
260 |c 2019 
650 4 |a Syntetický  |2 slo 
650 4 |a Gradient  |2 slo 
650 4 |a Rekurentné  |2 slo 
650 4 |a Neurónové  |2 slo 
650 4 |a Siete  |2 slo 
650 4 |a Synthetic  |2 eng 
650 4 |a Gradient  |2 eng 
650 4 |a Recurrent  |2 eng 
650 4 |a Neural  |2 eng 
650 4 |a Networks  |2 eng 
700 1 |a Jarábek, Tomáš  |u 070200  |k Z3  |4 ths  |U FIIT Fakulta informatiky a informačných technológií  |T FIIT Ústav informatiky, informačných systémov a softvérového inžinierstva  |X 88200  |U I200  |Y 179  |7 88200 
856 4 |u http://is.stuba.sk/zp/portal_zp.pl?podrobnosti=134710